Optimalizácia geometrie organických tranzistorov pre zníženie kontaktného odporu

Salvato in:
Dettagli Bibliografici
Autore principale: Ištván, Mário (Autore)
Altri autori: Telek, Peter (Relatore della tesi)
Natura: Manoscritto Libro
Lingua:slovacco
Pubblicazione: 2018
Soggetti:
Accesso online:http://is.stuba.sk/zp/portal_zp.pl?podrobnosti=136975
Tags: Aggiungi Tag
Nessun Tag, puoi essere il primo ad aggiungerne!!

MARC

LEADER 00000ntm a22000003a 4500
001 stuzp63488
003 SK-STU
005 20181009102155.3
007 ta
008 150427s2015----xo-----f-mn---000-0-slo-d
040 |a STU  |b slo 
041 0 |a slo 
044 |a xo 
100 1 |a Ištván, Mário  |u 033000  |4 aut  |U FEI Fakulta elektrotechniky a informatiky  |T FEI Ústav elektroniky a fotoniky  |X 72539  |U E030  |Y 549  |7 72539 
242 0 1 |a Optimization of organic field-effect transistors geometry for contact resistance reduction  |y eng 
245 1 0 |a Optimalizácia geometrie organických tranzistorov pre zníženie kontaktného odporu 
260 |c 2018 
300 |a 42 s.,  |b CD-ROM 
650 4 |a contact resistance  |2 eng 
650 4 |a transistor  |2 eng 
650 4 |a organic electronics  |2 eng 
650 4 |a OFET  |2 eng 
650 4 |a kontaktný odpor  |2 slo 
650 4 |a tranzistor  |2 slo 
650 4 |a organická elektronika  |2 slo 
650 4 |a OFET  |2 slo 
700 1 |a Telek, Peter  |u 033000  |k Z2  |4 ths  |U FEI Fakulta elektrotechniky a informatiky  |T FEI Ústav elektroniky a fotoniky  |X 11871  |U E030  |Y 549  |7 A0000011871 
856 4 |u http://is.stuba.sk/zp/portal_zp.pl?podrobnosti=136975 
996 |b 284EP11827  |c E*DIPL- 11827  |l EE33  |s P  |a 0  |w stuzp63488_0001